MARC

LEADER 00000nam0a2200000 4500
001 368978
005 20231102012134.0
035 |a (RuTPU)RU\TPU\retro\26360 
090 |a 368978 
100 |a 20220426d1079 km y0rusy50 ca 
101 0 |a rus 
102 |a BY 
105 |a a z 001zy 
200 1 |a Импульсные методы обработки материалов  |f Академия наук Белорусской ССР, Физико-технический институт ; отв. ред. В. Н. Чачин 
210 |a Минск  |c Наука и техника  |d 197 
215 |a 168 с.  |c ил. 
320 |a Библиогр. в конце ст. 
606 1 |a Электроимпульсная обработка металлов  |2 stltpush  |3 (RuTPU)RU\TPU\subj\20094  |9 45235 
610 1 |a электрогидроимпульсные процессы 
610 1 |a электрогидроимпульсная штамповка 
610 1 |a магнитоимпульсная обработка 
610 1 |a гидроударная штамповка 
610 1 |a электроэрозионная обработка 
675 |a 621.7.044  |v 4 
702 1 |a Чачин  |b В. Н.  |4 340 
712 0 2 |a Академия наук Белорусской ССР  |b Физико-технический институт  |c (Минск)  |2 stltpush  |3 (RuTPU)RU\TPU\col\12058  |9 25334 
801 1 |a RU  |b 63413507  |c 20220426 
942 |c BK